00972nam a2200253 i 4500001000300000100004900003245006000052250004600112260005700158300002600215490001900241521012300260650006400383655003000447830001900477015001700496020001800513040000800531041000800539044000800547080002400555008004100579856009800620bg1 aWierzbowski, Błażej Franciszekd(1946- ).10aGospodarka nieruchomościami /cBłażej Wierzbowski. aWyd. 2, stan prawny na 30 czerwca 2008 r. aWarszawa :bWydawnictwo Prawnicze LexisNexis,c2008. a287, [1] s. ;c21 cm.1 aPodstawy Prawa8 aDla studentów prawa i administracji oraz osób wykonujących zawód związany z gospodarką nieruchomościami. 9aNieruchomościxgospodarkaxprawozPolskaystan na 2008 r. aPodręczniki akademickie aPodstawy Prawa aPB 4230/2009 a9788373349674 cBPK apol aPOL a347.235(438)(075.8)090408s2008 pl f f |001 0 pol  uhttp://koha.tu.koszalin.pl/cgi-bin/koha/opac-detail.pl?biblionumber=56253yKatalog online BPK